Statistics for Favorite Pokemon By The Fans

Click here to take the quiz!

General Stats

  • This quiz has been taken 25 times
  • The average score is 5 of 20

Answer Stats

Pokemon% Correct
Pikachu
89%
Charizard
84%
Mew
63%
Mewtwo
58%
Greninja
42%
Lucario
42%
Arceus
32%
Eevee
32%
Rayquaza
26%
Darkrai
5%
Jirachi
5%
Manaphy
5%
Sylveon
5%
Victini
5%
Zygarde
5%
Diancie
0%
Genesect
0%
Hoopa
0%
Keldeo
0%
Meloetta
0%

Score Distribution

Percentile by Number Answered

Percent of People with Each Score

Your Score History

You have not taken this quiz